|
|
|
|
| LEADER |
00000csc a2200000 a 4500 |
| 001 |
48709 |
| 005 |
20230308211327.0 |
| 008 |
003011|1984 ||||||||r|||||||||||spa|| |
| 020 |
|
|
|a 8402077196
|
| 040 |
|
|
|b spa
|
| 041 |
1 |
|
|a spa
|
| 082 |
0 |
|
|a 843.54
|
| 100 |
1 |
|
|a Nin, Anais
|d 1914-1977
|9 286277
|
| 245 |
|
|
|a Diario I: 1931-1934
|c Anais Nin; trad. Antonio Desmonts
|h imp
|
| 264 |
|
|
|a Barcelona
|b Editorial Bruguera
|c 1984
|
| 300 |
|
|
|a 444 páginas:
|c 17,5 cm
|
| 650 |
1 |
|
|a Narrativa francesa
|9 19972
|
| 852 |
|
|
|a UC-CDJBV
|c TERCER PISO
|f Donación
|k lucia.mora
|l 1
|m General
|p 20030113
|q 1,00
|r 8
|t 48709
|b 0
|d CDRC
|e CDRC
|g 843.54 TERCER PISO
|z 2003-30-11
|
| 942 |
|
|
|
| 999 |
|
|
|c 118343
|d 118343
|